Films se déroulant à Paris par images - Statistiques

Statistiques générales
  • Ce quiz a été pris 25 fois
  • Le résultat moyen est 5 sur 12
Statistiques - réponses
Par images Réponse % Correct
Les aristochats
91%
La Boum
83%
La grande vadrouille
65%
Mission: Impossible - Fallout
65%
Inglorious Basterds
43%
La reine margot
39%
À bout de souffle
26%
Les amants du pont neuf
22%
Les enfants du paradis
22%
Les Quatre Cents Coups
22%
Cléo de 5 à 7
13%
De battre mon cœur s'est arrêté
9%
Aucun quiz correspondant
Distribution des résultats
% des personnes avec chaque résultat
Percentile par nombre de réponses
Votre historique - résultats
Vous n’avez pas pris ce quiz